000 00487nam a2200181Ia 4500
003 GCL
008 140319s9999 xx 000 0 ara d
040 _aGCL /
_cGCL
082 0 4 _a910.02
_bا ص
100 1 _aاحمد علامة
245 1 0 _aصورة الارض /
_cاحمد علامة
300 _a57 ص
490 _aالعرب والعلوم
_v0
650 0 4 _aالجغرافيا الطبيعية
650 0 4 _aالجغرافيا
650 0 4 _aالخرائط
942 _2ddc
_cBK
999 _c41922
_d41922